រឿង តេជោយ៉ត / (Record no. 6591)

MARC details
000 -LEADER
fixed length control field 03537nam a22002417a 4500
001 - CONTROL NUMBER
control field 6591
003 - CONTROL NUMBER IDENTIFIER
control field FISKH
005 - DATE AND TIME OF LATEST TRANSACTION
control field 20250528091705.0
008 - FIXED-LENGTH DATA ELEMENTS--GENERAL INFORMATION
fixed length control field 250513b cb ||||| |||| 00| 0 eng d
040 ## - CATALOGING SOURCE
Original cataloging agency FISKH
Language of cataloging khr
Transcribing agency FISKH
Modifying agency FISKH
082 ## - DEWEY DECIMAL CLASSIFICATION NUMBER
Classification number 792.09596
100 ## - MAIN ENTRY--PERSONAL NAME
Personal name Chihouth, Ty
245 ## - TITLE STATEMENT
Title រឿង តេជោយ៉ត /
Statement of responsibility, etc. អ្នកនិពន្ធលោក ទី ជីហួត ,អ្នករៀបរៀង អ្នកស្រី ប៊ី គឺមសែន ,បោះពុម្ពដោយ លោក ស្រី ប៊ុនដន
250 ## - EDITION STATEMENT
Edition statement បោះពុម្ពលើកទី២
260 ## - PUBLICATION, DISTRIBUTION, ETC.
Place of publication, distribution, etc. ភ្នំពេញ :
Name of publisher, distributor, etc. ប៊ុនដន​​ ,
Date of publication, distribution, etc. ២០០៤ .
300 ## - PHYSICAL DESCRIPTION
Extent 104 pages :
Other physical details illustrations ;
Dimensions 21 cm .
520 ## - SUMMARY, ETC.
Summary, etc. ងនេះផ្ដោតទៅលើតួអង្គមួយឈ្មោះ ដេជោយ៉ត ដែលជាអភិបាលឬអ្នកគ្រប់គ្រងនៃប្រទេសយួន។ ដេជោយ៉តជាបុរសមានគុណធម៌ មានបញ្ញា និងចេះគោរពនឹងសម្តេចជ័យវរ្ម័ន (ព្រះបាទនៃអាណាចក្រខ្មែរ)។ ព្រះបាទជ័យវរ្ម័នបានផ្ញើបុរសចម្បាំងឆ្នើមម្នាក់ឈ្មោះ ចៅជួរ ទៅដឹកនាំទូតទៅកាន់អាណាចក្រយួន ដើម្បីពង្រឹងសិទ្ធិសមិទ្ធភាពនយោបាយ និងការសហការវិញ។<br/><br/>នៅទីនោះ ដេជោយ៉តបានបង្ហាញការគោរព និងស្និទ្ធស្នាលយ៉ាងខ្ពង់ខ្ពស់ចំពោះភ្ញៀវមកពីអង្គរ។ ការផ្តល់សេរីភាព ការប្រារព្ធពិធីស្វាគមន៍ និងការបង្ហាញសេចក្ដីគោរពរបស់ដេជោយ៉ត ធ្វើឱ្យកិច្ចសហប្រតិបត្តិការរវាងរដ្ឋទាំងពីរជោគជ័យ។ ពេលត្រឡប់មកវិញ ចៅជួរបានរាយការណ៍ដល់ព្រះបាទជ័យវរ្ម័នអំពីឥរិយាបថរបស់ដេជោយ៉ត ដោយសរសើរថាជាបុរសដែលគួរឲ្យគោរព។
520 ## - SUMMARY, ETC.
Summary, etc. This story focuses on a character named Décho Yat, who was a governor or high-ranking official of the Kingdom of Yuon (Vietnam). Décho Yat was a man of virtue, intelligence, and respect, especially toward King Jayavarman, the ruler of the Khmer Empire. King Jayavarman sent an outstanding warrior named Chao Chour to lead a diplomatic mission to the Kingdom of Yuon in order to strengthen political ties and cooperation.<br/><br/>There, Décho Yat showed great respect and warm hospitality toward the guests from Angkor. His granting of freedom, the ceremonial welcome, and his respectful attitude made the diplomatic collaboration between the two states a success. Upon returning, Chao Chour reported to King Jayavarman about Décho Yat’s conduct and praised him as a man worthy of respect.
650 ## - SUBJECT ADDED ENTRY--TOPICAL TERM
Topical term or geographic name entry element តេជោយ៉ត
Form subdivision អត្ថបទល្ខោនបាសាក់
650 ## - SUBJECT ADDED ENTRY--TOPICAL TERM
Topical term or geographic name entry element Décho Yat
Form subdivision Bassac Theatre Script
942 ## - ADDED ENTRY ELEMENTS (KOHA)
Source of classification or shelving scheme Dewey Decimal Classification
Koha item type Khmer Books
Suppress in OPAC No
Holdings
Withdrawn status Lost status Source of classification or shelving scheme Damaged status Not for loan Collection Home library Current library Shelving location Date acquired Total Checkouts Full call number Barcode Date last seen Copy number Price effective from Koha item type
    Dewey Decimal Classification     Khmer Language Books / សៀវភៅភាសាខ្មែរ Footprints International School Library Network Toul Tom Poung Campus Footprints International School Library Network Toul Tom Poung Campus TTP Primary Khmer Bookshelves 05/13/2025   CHI 792.09596 FISSE01633 05/13/2025 1 05/13/2025 Khmer Books
    Dewey Decimal Classification     Khmer Language Books / សៀវភៅភាសាខ្មែរ Footprints International School Library Network Toul Tom Poung Campus Footprints International School Library Network Toul Tom Poung Campus TTP Secondary Khmer Bookshelves 05/13/2025   CHI 792.09596 FISSE02223 05/13/2025 2 05/13/2025 Khmer Books
    Dewey Decimal Classification     Khmer Language Books / សៀវភៅភាសាខ្មែរ Footprints International School Library Network Toul Tom Poung Campus Footprints International School Library Network Toul Tom Poung Campus TTP Secondary Khmer Bookshelves 05/13/2025   CHI 792.09596 FISSE02250 05/13/2025 3 05/13/2025 Khmer Books
    Dewey Decimal Classification     Khmer Language Books / សៀវភៅភាសាខ្មែរ Footprints International School Library Network Toul Tom Poung Campus Footprints International School Library Network Toul Tom Poung Campus TTP Secondary Khmer Bookshelves 05/16/2025   CHI 792.09596 FISSE01621 05/16/2025 4 05/16/2025 Khmer Books
    Dewey Decimal Classification     Khmer Language Books / សៀវភៅភាសាខ្មែរ Footprints International School Library Network Toul Tom Poung Campus Footprints International School Library Network Toul Tom Poung Campus TTP Secondary Khmer Bookshelves 05/16/2025   CHI 792.09596 FISSE02229 05/16/2025 5 05/16/2025 Khmer Books